000 00540nam a22001937a 4500
003 MPLRDC
005 20220104203416.0
008 210129b ||||| |||| 00| 0 eng d
020 _a978-986-137-206-8
082 _a735 NAP
100 _a洛蕾塔·拿波里奥尼 LORETTA NAPOLEONI
245 _a这才是伊斯兰国!
_c洪玉珊 译
250 _a初版
260 _a台湾
_b究竟出版社股份有限公司
_c2015
300 _b
520 _a新书上架 2018-08-16。
650 _a中东史地
942 _cBK
_o735 NAP
999 _c68113
_d68103